Latest foreign trade procedures in Japan

Na minha lista:
Detalhes bibliográficos
Formato: Livro
Idioma:Undetermined
Publicado em: Tokyo Japan Trade News Publishers, Ltd. 1969
Assuntos:
Tags: Adicionar Tag
Sem tags, seja o primeiro a adicionar uma tag!
Thư viện lưu trữ: Trung tâm Học liệu Trường Đại học Cần Thơ
LEADER 00483nam a2200169Ia 4500
001 CTU_97015
008 210402s9999 xx 000 0 und d
082 |a 332.45 
082 |b L351 
245 0 |a Latest foreign trade procedures in Japan 
260 |a Tokyo 
260 |b Japan Trade News Publishers, Ltd. 
260 |c 1969 
650 |a International banking,Foreign exchange 
650 |z Japan,Japan 
904 |i Năm 
980 |a Trung tâm Học liệu Trường Đại học Cần Thơ